Masks

Bibliographic Details
Main Author: Wright, Lyndie
Format: Book
Published: London : Franklin Watts , 1989
Series:Fresh Start
Subjects:

MARC

LEADER 00000cam a2200000 7i4500
001 0000005527
002 000005976
005 20060128.0
020 |a 0863138993 
090 0 0 |a 745.5   |b WRI 
100 1 |a Wright, Lyndie 
245 1 0 |a Masks   |c Lyndie Wright 
260 |a London :   |b Franklin Watts ,   |c 1989 
300 |a 48 p. ;   |c 25 cm. 
490 0 |a Fresh Start 
650 0 0 |a Mask making   |x Juvenile literature 
999 |a 027168   |b BUKU   |c JUNIOR BOOKS   |e PERPUSTAKAAN KOMUNITI PETALING JAYA